[Event "NZL-ch Seniors"]
[Site "Auckland"]
[Date "2020.11.27"]
[Round "3"]
[White "Fulo, Nunilon III"]
[Black "McLaren, Leonard"]
[Result "1-0"]
[WhiteElo "1996"]
[BlackElo "2147"]
[PlyCount "109"]
[EventDate "2020.11.26"]
[EventType "swiss"]
[EventRounds "6"]
[EventCountry "NZL"]
[SourceTitle "EXT 2024"]
[Source "ChessBase"]
[SourceDate "2023.10.10"]
[SourceVersion "1"]
[SourceVersionDate "2023.10.10"]
[SourceQuality "1"]

1. e4 c5 2. Nf3 d6 3. d4 cxd4 4. Nxd4 Nf6 5. Nc3 e6 6. g4 h6 7. Rg1 Nc6 8. Be3 a6 9. Be2 g5 10. Qd2 Ne5 11. h4 gxh4 12. g5 hxg5 13. Bxg5 Be7 14. f4 Nc6 15. 0-0-0 Bd7 16. f5 Nxd4 17. Qxd4 e5 18. Qe3 Bc6 19. Bh6 Qa5 20. Bg7 0-0-0 21. Bxh8 Rxh8 22. Rg7 Bf8 23. Qg1 Nxe4 24. Nxe4 Bxe4 25. Rg8 Rxg8 26. Qxg8 Qd8 27. Qg4 d5 28. f6+ Kc7 29. Qxh4 Bc5 30. Qg5 Qd6 31. Bh5 Qe6 32. Bg4 Be3+ 33. Qxe3 Qxg4 34. Qc5+ Kb8 35. Qd6+ Ka8 36. Qxe5 Qg2 37. Qc3 Qf2 38. b4 Kb8 39. Rd2 Qf4 40. Kb2 Ka8 41. Qd4 Kb8 42. Rg2 Qd6 43. Rg8+ Kc7 44. Qc3+ Kb6 45. Qc5+ Qxc5 46. bxc5+ Kxc5 47. Rg7 Kd6 48. Rxf7 d4 49. Re7 Bd5 50. a3 a5 51. Kc1 b5 52. Ra7 a4 53. f7 Bxf7 54. Rxf7 Kc5 55. Kb2 1-0

[Event "NZL-ch op 127th"]
[Site "Tauranga"]
[Date "2020.01.17"]
[Round "4"]
[White "Garbett, Paul Anthony"]
[Black "Fulo, Nunilon III"]
[Result "1-0"]
[WhiteElo "2185"]
[BlackElo "2017"]
[PlyCount "103"]
[EventDate "2020.01.14"]
[EventType "swiss"]
[EventRounds "9"]
[EventCountry "NZL"]
[SourceTitle "CBM 194 Extra"]
[Source "ChessBase"]
[SourceDate "2020.03.31"]
[SourceVersion "1"]
[SourceVersionDate "2020.03.31"]
[SourceQuality "1"]

1. e4 e5 2. Nf3 Nc6 3. Bb5 a6 4. Ba4 Nf6 5. 0-0 Be7 6. Re1 b5 7. Bb3 0-0 8. a4 Bb7 9. Nc3 Nd4 10. Nxd4 exd4 11. Nd5 Nxd5 12. exd5 d3 13. axb5 Bc5 14. cxd3 Qh4 15. Qf3 Rae8 16. Re4 f5 17. Re3 f4 18. Re4 axb5 19. h3 Bb6 20. d4 Rxe4 21. Qxe4 d6 22. d3 Kh8 23. Bd2 Qf6 24. Rc1 Bc8 25. Bd1 Qf7 26. Bg4 Bxg4 27. hxg4 Qf6 28. b3 h6 29. Bc3 Qh4 30. f3 Qf6 31. Re1 Ra8 32. Ra1 Rf8 33. b4 Rd8 34. Kf1 Rf8 35. Kg1 Rd8 36. g3 fxg3 37. Kg2 Qh4 38. Rh1 Qg5 39. Kxg3 Qf6 40. f4 Qf7 41. Qe6 Kg8 42. Re1 Ra8 43. f5 Kf8 44. g5 Qxe6 45. dxe6 hxg5 46. d5 c6 47. dxc6 Bd8 48. Ra1 Rc8 49. Ra7 Bf6 50. Bxf6 gxf6 51. Rf7+ Ke8 52. c7 1-0

[Event "NZL-ch op 126th"]
[Site "Auckland"]
[Date "2019.01.20"]
[Round "7"]
[White "Fulo, Nunilon III"]
[Black "Hair, Philip I"]
[Result "1-0"]
[WhiteElo "2006"]
[BlackElo "1836"]
[PlyCount "71"]
[EventDate "2019.01.14"]
[EventType "swiss"]
[EventRounds "9"]
[EventCountry "NZL"]
[SourceTitle "CBM 188 Extra"]
[Source "ChessBase"]
[SourceDate "2019.02.26"]
[SourceVersion "1"]
[SourceVersionDate "2019.02.26"]
[SourceQuality "1"]

1. e4 Nf6 2. e5 Nd5 3. d4 d6 4. Nf3 dxe5 5. Nxe5 c6 6. Be2 Bf5 7. a3 Nd7 8. Nxd7 Qxd7 9. 0-0 e6 10. c4 Nf6 11. Nc3 Bd6 12. Bf3 0-0 13. Bg5 Be7 14. Be3 Qc7 15. Re1 Rad8 16. g3 a6 17. Qb3 Ng4 18. Bf4 Bd6 19. Bxd6 Rxd6 20. d5 cxd5 21. cxd5 Qb6 22. Qxb6 Rxb6 23. dxe6 fxe6 24. b4 Rd8 25. Na4 Rb5 26. Nc5 Rd2 27. Re2 Rxe2 28. Bxe2 Rb6 29. Bf3 a5 30. bxa5 Rb2 31. Rf1 Ne5 32. Bxb7 Bh3 33. a6 Bxf1 34. Kxf1 Ng4 35. a7 Rxf2+ 36. Ke1 1-0

[Event "NZL-ch op 126th"]
[Site "Auckland"]
[Date "2019.01.18"]
[Round "5"]
[White "Fulo, Nunilon III"]
[Black "Zhang, Jasmine Haomo"]
[Result "1-0"]
[WhiteElo "2006"]
[BlackElo "1883"]
[PlyCount "131"]
[EventDate "2019.01.14"]
[EventType "swiss"]
[EventRounds "9"]
[EventCountry "NZL"]
[SourceTitle "CBM 188 Extra"]
[Source "ChessBase"]
[SourceDate "2019.02.26"]
[SourceVersion "1"]
[SourceVersionDate "2019.02.26"]
[SourceQuality "1"]

1. e4 c5 2. Nf3 d6 3. d4 cxd4 4. Nxd4 Nf6 5. Nc3 a6 6. h3 e6 7. g4 Qc7 8. Bg2 Nc6 9. 0-0 Rb8 10. Kh1 Be7 11. Be3 Na5 12. f4 Nc4 13. Bc1 b5 14. g5 Nd7 15. f5 Nc5 16. a3 e5 17. Nd5 Qb7 18. Nxe7 Kxe7 19. f6+ gxf6 20. Nf5+ Bxf5 21. exf5 Qd7 22. gxf6+ Kxf6 23. Qh5 Ke7 24. Bg5+ f6 25. Qh6 fxg5 26. Qg7+ Kd8 27. Qxh8+ Kc7 28. Qf6 Ne3 29. Rf2 Nxg2 30. Rxg2 Ne4 31. Qe6 Qxe6 32. fxe6 Rf8 33. e7 Re8 34. a4 b4 35. c3 bxc3 36. bxc3 Rxe7 37. c4 Rf7 38. Kg1 Rf3 39. Re1 Nc5 40. Rxg5 Rxh3 41. a5 Nb3 42. Rg7+ Kc6 43. Ra7 Nc5 44. Rb1 Rb3 45. Rxa6+ Nxa6 46. Rxb3 Kc5 47. Rb6 Nc7 48. Rb8 Kc6 49. Rh8 d5 50. cxd5+ Nxd5 51. Rb8 Nc7 52. Kf2 h5 53. Ke3 Kd5 54. Rb6 Kc5 55. Ke4 h4 56. Kf3 Na8 57. Rb7 Kc6 58. Re7 Nc7 59. Rxe5 Nb5 60. Re6+ Kc7 61. Rh6 h3 62. Ke4 Nd6+ 63. Kd5 Nb7 64. Rh7+ Kb8 65. a6 Na5 66. Kc5 1-0

[Event "NZL-ch op 126th"]
[Site "Auckland"]
[Date "2019.01.16"]
[Round "3"]
[White "Fulo, Nunilon III"]
[Black "Ker, Anthony F"]
[Result "0-1"]
[WhiteElo "2006"]
[BlackElo "2318"]
[PlyCount "102"]
[EventDate "2019.01.14"]
[EventType "swiss"]
[EventRounds "9"]
[EventCountry "NZL"]
[SourceTitle "CBM 188 Extra"]
[Source "ChessBase"]
[SourceDate "2019.02.26"]
[SourceVersion "1"]
[SourceVersionDate "2019.02.26"]
[SourceQuality "1"]

1. e4 c5 2. Nf3 g6 3. d4 cxd4 4. Nxd4 Nc6 5. c4 Nf6 6. Nc3 d6 7. Be2 Nxd4 8. Qxd4 Bg7 9. Be3 0-0 10. Qd2 Be6 11. Rc1 Qa5 12. 0-0 Rfc8 13. b3 a6 14. Bf3 Rc7 15. Rc2 Rac8 16. Rb1 Ng4 17. Bxg4 Bxc3 18. Rxc3 Bxg4 19. Bd4 b5 20. b4 Qa4 21. Rg3 Rxc4 22. h3 Be6 23. Rb2 Rc1+ 24. Kh2 Qd1 25. Qxd1 Rxd1 26. Bb6 Rc6 27. Ba7 h5 28. h4 Rcc1 29. Ra3 g5 30. Kg3 gxh4+ 31. Kxh4 Rh1+ 32. Kg5 Kg7 33. Rg3 h4 34. Ra3 Bc8 35. Kf4 Rce1 36. Re3 Reg1 37. f3 e5+ 38. Kg5 h3 39. g4 Rg2 40. Ree2 Rhh2 41. Bf2 Be6 42. Red2 f6+ 43. Kh4 Kg6 44. Rbc2 Bc4 45. Rb2 Kf7 46. Be1 d5 47. Bf2 dxe4 48. fxe4 Kg6 49. Be3 Be6 50. Rxg2 hxg2+ 51. Kg3 g1Q+ 0-1

[Event "Waikato op"]
[Site "Hamilton"]
[Date "2018.07.28"]
[Round "3"]
[White "Steadman, Michael VR"]
[Black "Fulo, Nunilon III"]
[Result "1-0"]
[WhiteElo "2223"]
[BlackElo "2032"]
[PlyCount "65"]
[EventDate "2018.07.27"]
[EventType "swiss"]
[EventRounds "6"]
[EventCountry "NZL"]
[SourceTitle "CBM 186 Extra"]
[Source "ChessBase"]
[SourceDate "2018.08.24"]
[SourceVersion "1"]
[SourceVersionDate "2018.08.24"]
[SourceQuality "1"]

1. d4 Nf6 2. c4 e6 3. Nc3 Bb4 4. f3 0-0 5. e4 d5 6. e5 Ne8 7. f4 f6 8. Nf3 b6 9. Bd3 Ba6 10. cxd5 Bxd3 11. Qxd3 Qxd5 12. 0-0 Bxc3 13. bxc3 c5 14. c4 Qd7 15. d5 Nc7 16. Rd1 Rd8 17. exf6 gxf6 18. Bb2 Qf7 19. dxe6 Nxe6 20. Qf5 Nd7 21. Rd6 Ng7 22. Qg4 h5 23. Qg3 Kf8 24. Nh4 Re8 25. Rad1 Rad8 26. Qd3 Kg8 27. Rxd7 Rxd7 28. Qxd7 Re1+ 29. Kf2 Rxd1 30. Qxd1 Qxc4 31. Qd8+ Kh7 32. Qxf6 Qc2+ 33. Ke3 1-0

[Event "Auckland Trusts op 41st"]
[Site "Auckland"]
[Date "2018.06.02"]
[Round "1"]
[White "Fulo, Nunilon III"]
[Black "Shen, Terry"]
[Result "1/2-1/2"]
[WhiteElo "2141"]
[BlackElo "1879"]
[PlyCount "72"]
[EventDate "2018.06.02"]
[EventType "swiss"]
[EventRounds "6"]
[EventCountry "NZL"]
[SourceTitle "EXT 2019"]
[Source "ChessBase"]
[SourceDate "2018.10.10"]
[SourceVersion "1"]
[SourceVersionDate "2018.10.10"]
[SourceQuality "1"]

1. e4 c5 2. Nf3 e6 3. d4 cxd4 4. Nxd4 a6 5. c4 Qc7 6. Nc3 Nf6 7. Be3 b6 8. Bd3 Bb7 9. 0-0 Be7 10. Rc1 0-0 11. f4 d6 12. f5 e5 13. Nd5 Qd8 14. Nxe7+ Qxe7 15. Nb3 Nxe4 16. Bxe4 Bxe4 17. Qg4 Qb7 18. Nd2 Bd3 19. f6 Bg6 20. h4 h5 21. Qg5 Nd7 22. fxg7 Kxg7 23. Qh6+ Kg8 24. Rf3 Rae8 25. Rcf1 Re6 26. Rg3 Nf6 27. Bg5 Ng4 28. Rxg4 hxg4 29. Rf6 Rfe8 30. h5 Bd3 31. Bh4 Bh7 32. Qg5+ Kh8 33. Qh6 Kg8 34. Qg5+ Kh8 35. Qh6 Kg8 36. Qg5+ Kh8 1/2-1/2